|
|
|
|
| LEADER |
01187npm a22003251a 4500 |
| 001 |
000035012 |
| 003 |
11271 |
| 005 |
20241002134828.0 |
| 008 |
151027s2011 000 vie |
| 040 |
|
|
|a LNN
|
| 041 |
|
|
|a vie
|
| 082 |
|
|
|a 301
|b TA-M
|
| 100 |
|
|
|a Tạ Minh
|
| 245 |
|
0 |
|a Giáo Trình Xã Hội Học Đại Cương /
|c Th S Tạ Minh.
|
| 260 |
|
|
|a -HCM; :
|b ĐHQGTPHCM,
|c 2011.
|
| 300 |
|
|
|a 20,5cm :
|b 179tr;.
|
| 520 |
|
|
|b khai quat lich su hinh thanh va phat trien xa hoi hoc
|c mot so chuyen nganh xa hoi hoc cu the
|d phuong phap va ky thuat dieu traXa hoi hoc
|
| 650 |
|
|
|a Khoa học xã hội
|
| 653 |
|
|
|a Xã Hội Học, Đại Cương,Tạ Minh, 2011
|
| 700 |
|
|
|a bien tap:
|b Pham Thi Anh Tu
|
| 816 |
|
|
|a Ngôn ngữ tiếng Việt 1
|
| OWN |
|
|
|a LNN
|
| AVA |
|
|
|a UDN50
|b LNN
|d 301 TA-M
|e available
|t Error 5001 Not defined in file expand_doc_bib_avail.
|f 5
|g 0
|h N
|i 0
|k 1
|
| 999 |
|
|
|a From the UDN01
|
| AVA |
|
|
|a UDN50
|b LNN
|d 301 TA-M
|e available
|t Error 5001 Not defined in file expand_doc_bib_avail.
|f 5
|g 0
|h N
|i 0
|k 1
|
| TYP |
|
|
|a Monograph
|
| 980 |
|
|
|a Mạng thư viện Đại học Đà Nẵng
|